000 00807cab a2200217 4500
001 ABS52979
008 090401t1995 xxu||||| |||| 00| 0 eng d
035 _a(Sirsi) u1190
041 0 _aeng
100 1 _aMcLellan, A. G.
245 0 0 _aBullish affair
260 _c1995
350 _a0
490 0 _aNew Builder
_v(263) 23 June 1995, 23-44(18)
520 _aAnalysis of the performance of the top 25 contractors, showing a marked increase in the popularity of design and build despite fears of saturation. Discusses the advantages and drawbacks of this method and features projects on the refurbishment of Gilwell Park and the provision of student accommodation at Southampton.
590 _aLEAGUE
651 4 _aUnited Kingdom
_y
690 _aProcurement
_96260
942 _n0
948 _c04/03/1997
999 _c649
_d649